000 00744nam a2200265Ia 4500
005 20260302115134.0
008 008 260114s9999 xx 000 0 eng d
020 _a9798881818883
037 _aTextbook
040 _aCRL
040 _beng
040 _cCRL
041 _2eng
041 _aeng
084 _qCRL
100 _aAlex S. Romagnoli, Gian S. Pagnucci
_91120806
245 0 _aEnter the Superheroes American Values, Culture, and the Canon of Superhero Literature
260 _bBloomsbury
260 _bScarecrow Press
260 _c2013
650 _aLiterary Studies
856 _uhttps://doi.org/10.5040/9798881818883?locatt=label:secondary_bloomsburyCollections
942 _cEBOOK
999 _c1685097
_d1685097